00954njm a2200253Ia 450000100060000000300090000600500170001500800410003204000130007304000130008610000260009910000180012510000360014324500100017925000110018926000120020026000440021230000100025630000290026650000450029550502210034051100840056165000550064521199IT-RoPAU20220918181216.0131025s9999 xx 000 0 und d aIT-RoPAU cIT-RoPAU aStockhausen Karlheinz eAutore musica gCodice autore musica SPICS: 989 aInori a1a ed. aGERMANY bDEUTSCHE GRAMMOPHONc1979 [1a Ed.:1978] aDISCO c86 minuti (Testo: pag.) aMusica contemporanea. Musica strumentale aInori anbetungen fur einen oder zwei solisten un orchester Adoratins - For One Or Two Soloists and Orchestra Adorations - Pour un ou deux solistes et orchestra (1973-74) - Formel fur orchester (1951) - Formel (13:00) aSinfonie Orchester Des Sudwestfunks Baden-Baden diretti da Stockhausen Karlhein aCONTEMPORANEA [DISCHI]eCodice MATERIA SPICS: 9950